Business research methods (Record no. 77945)

MARC details
000 -LEADER
fixed length control field 01051nam a2200229 a 4500
008 - FIXED-LENGTH DATA ELEMENTS--GENERAL INFORMATION
fixed length control field 120416s1980 ||||||||||||||||| || u
020 ## - INTERNATIONAL STANDARD BOOK NUMBER
International Standard Book Number 0256022607
050 ## - LIBRARY OF CONGRESS CALL NUMBER
Classification number HD 30.4 Emo
100 ## - MAIN ENTRY--PERSONAL NAME
Personal name Emory, C. William
245 10 - TITLE STATEMENT
Title Business research methods
250 ## - EDITION STATEMENT
Edition statement Rev. ed.
260 ## - PUBLICATION, DISTRIBUTION, ETC.
Place of publication, distribution, etc. Homewood, Ill.
Name of publisher, distributor, etc. R. D. Irwin
Date of publication, distribution, etc. 1980
300 ## - PHYSICAL DESCRIPTION
Extent xiv, 530p. : ill.
350 ## -
-- 0.00
490 ## -
-- The Irwin series in information and decision sciences
500 ## - GENERAL NOTE
General note Includes index. -Bibliography: p. 489-505.
650 #0 - SUBJECT ADDED ENTRY--TOPICAL TERM
Topical term or geographic name entry element MANAGEMENT
650 ## - SUBJECT ADDED ENTRY--TOPICAL TERM
Topical term or geographic name entry element INDUSTRIAL MANAGEMENT--RESEARCH
995 ## -
-- ANNEX COLLECTION (Main Library)
-- 0.00
-- 711384
-- CBU-MAIN LIBRARY (Kitwe)
-- 2
-- 22.95
-- HD 30.4 Emo
-- 1
-- AVAILABLE
-- 002745
-- Annex Low-Usage Collection
995 ## -
-- BINDERY (DAMAGED)
-- 0.00
-- 710864
-- CBU-MAIN LIBRARY (Kitwe)
-- 1
-- 22.95
-- HD 30.4 Emo
-- 2
-- DAMAGED
-- 002746
-- Main Library Open Access Collection
995 ## -
-- ANNEX COLLECTION (Main Library)
-- 0.00
-- 713472
-- CBU-MAIN LIBRARY (Kitwe)
-- 3
-- 22.95
-- HD 30.4 Emo
-- 3
-- AVAILABLE
-- 002747
-- Annex Low-Usage Collection
999 ## -
-- 77945
-- 77945
Holdings
Withdrawn status Lost status Source of classification or shelving scheme Damaged status Not for loan Permanent Location Current Location Shelving location Date acquired Total Checkouts Full call number Barcode Date last seen Copy number Price effective from Koha item type
          CBU-MAIN LIBRARY, KITWE. CBU-MAIN LIBRARY, KITWE.   05/03/2023   HD 30.4 Emo 002745 05/03/2023 1 05/03/2023 MONOGRAPH
          CBU-MAIN LIBRARY, KITWE. CBU-MAIN LIBRARY, KITWE.   05/03/2023   HD 30.4 Emo 002746 05/03/2023 2 05/03/2023 MONOGRAPH
Withdrawn         CBU-MAIN LIBRARY, KITWE. CBU-MAIN LIBRARY, KITWE.   05/03/2023   HD 30.4 Emo 002747 05/03/2023 3 05/03/2023 MONOGRAPH